El Collar de la reina (Le colleir de la reina) : novela / (Registro nro. 131839)

Detalles MARC
000 -LEADER
fixed length control field 00628cam a2200205 4500
008 - FIXED-LENGTH DATA ELEMENTS--GENERAL INFORMATION
fixed length control field 1944 spa
050 #4 - LIBRARY OF CONGRESS CALL NUMBER
Classification number PQ2225
Item number .C8 D86 1944
100 1# - MAIN ENTRY--PERSONAL NAME
Personal name Dumas, Alejandro
245 #3 - TITLE STATEMENT
Title El Collar de la reina (Le colleir de la reina) : novela /
Statement of responsibility, etc Alejandro Dumas ; tr. directa del Frances de E. Ibarz.
260 ## - PUBLICATION, DISTRIBUTION, ETC. (IMPRINT)
Place of publication, distribution, etc Buenos Aires :
Name of publisher, distributor, etc Sopena,
Date of publication, distribution, etc 1944
300 ## - PHYSICAL DESCRIPTION
Extent 381 p. ;
Dimensions 22 cm.
440 #0 - SERIES STATEMENT/ADDED ENTRY--TITLE
Title Biblioteca Mundial Sopena
504 ## - BIBLIOGRAPHY, ETC. NOTE
Bibliography, etc Incluye indice
650 #4 - SUBJECT ADDED ENTRY--TOPICAL TERM
Topical term or geographic name as entry element Literatura francesa
650 #4 - SUBJECT ADDED ENTRY--TOPICAL TERM
Topical term or geographic name as entry element Novela
700 1# - ADDED ENTRY--PERSONAL NAME
Personal name Ibarz, E.,
Relator term tr.
942 ## - ADDED ENTRY ELEMENTS (KOHA)
Source of classification or shelving scheme Biblioteca del Cogreso de los Estados Unidos
Koha item type Libro
Existencias
Estado de pérdida Fuente de clasificación Estado del daño No para préstamo Ubicación permanente Ubicación actual Apartado o colección Fecha de adquisición Edición Dependencia de educación superior (DES) Área del conocimiento Clasificación Código de Barras Date last seen Número de copia Tipo de recurso
  Biblioteca del Cogreso de los Estados Unidos     Biblioteca de la Facultad de Filosofía Biblioteca de la Facultad de Filosofía General 04/04/2017 2a. ed. Humanidades Educación y Humanidades PQ2225.C8 D86 1944 BFF000026425 04/04/2017 C:1 Libro